[Event "Laval op"]
[Site "Laval CAN"]
[Date "2017.06.24"]
[Round "2.5"]
[White "Larochelle, Martial"]
[Black "Champetier, Serge"]
[Result "1-0"]
[WhiteElo "2069"]
[BlackElo "1983"]
[WhiteFideId "-1"]
[WhiteFideId "-1"]
[PlyCount "49"]
[GameId "2160767908410983"]
[EventDate "2017.06.23"]
[EventType "swiss"]
[EventRounds "5"]
[EventCountry "CAN"]

1. d4 d5 2. Bf4 Nf6 3. e3 c5 4. c3 Nc6 5. Nd2 Bf5 6. Ngf3 h6 7. dxc5 Nh5 8. Nd4 Nxd4 9. cxd4 Nxf4 10. exf4 Qc7 11. Bb5+ Kd8 12. Qf3 e6 13. O-O Qa5 14. Bd3 Qxd2 15. Bxf5 Qxd4 16. Rfd1 Qf6 17. Bh3 Kc7 18. b4 a5 19. Qa3 Qxf4 20. bxa5 Be7 21. Rab1 Rhb8 22. g3 Qf6 23. Rb6 Kd8 24. Qa4 Qc3 25. Rxd5+ 1-0

[Event "Laval op"]
[Site "Laval CAN"]
[Date "2017.06.24"]
[Round "2.6"]
[White "Huang, Qiuyu"]
[Black "Marin, Sam"]
[Result "1-0"]
[WhiteElo "2034"]
[BlackElo "1921"]
[WhiteFideId "-1"]
[WhiteFideId "-1"]
[PlyCount "73"]
[GameId "2160767908410984"]
[EventDate "2017.06.23"]
[EventType "swiss"]
[EventRounds "5"]
[EventCountry "CAN"]

1. e4 c5 2. Nf3 Nc6 3. d4 cxd4 4. Nxd4 Nf6 5. Nc3 e5 6. Ndb5 d6 7. Bg5 a6 8. Na3 b5 9. Nd5 Qa5+ 10. Bd2 Qd8 11. Bg5 Qa5+ 12. Bd2 Qd8 13. Bd3 Nxd5 14. exd5 Nd4 15. c3 Nf5 16. c4 Nd4 17. O-O Be7 18. cxb5 O-O 19. Nc2 Nxb5 20. a4 Nc7 21. Ba5 Qd7 22. Ne3 Bd8 23. Bf5 Qe7 24. Rc1 Bxf5 25. Nxf5 Qf6 26. Bxc7 Bxc7 27. Nxg7 Bb6 28. Nh5 Qg5 29. Rc3 Kh8 30. Rg3 Qf5 31. Ng7 Qf6 32. Qd3 Rg8 33. Nh5 Rxg3 34. Nxg3 Bd4 35. b4 Rb8 36. Qxa6 Rxb4 37. Qc8+ 1-0

[Event "Laval op"]
[Site "Laval CAN"]
[Date "2017.06.24"]
[Round "2.7"]
[White "Guipi Bopala, Prince Eric jr"]
[Black "Sprumont, Oscar"]
[Result "0-1"]
[WhiteElo "1616"]
[BlackElo "2034"]
[WhiteFideId "-1"]
[WhiteFideId "-1"]
[PlyCount "74"]
[GameId "2160767908410985"]
[EventDate "2017.06.23"]
[EventType "swiss"]
[EventRounds "5"]
[EventCountry "CAN"]

1. d4 Nf6 2. Bf4 g6 3. Nc3 d5 4. Qd2 h6 5. Nf3 Bg7 6. O-O-O c6 7. h3 b5 8. Kb1 a5 9. e3 O-O 10. Bd3 Nbd7 11. g4 b4 12. Na4 Re8 13. Ne5 Bb7 14. f3 Rc8 15. h4 c5 16. Nxc5 Nxc5 17. dxc5 Nd7 18. Nxd7 Qxd7 19. Rhe1 e5 20. Bh2 Rxc5 21. e4 d4 22. b3 Rec8 23. Bc4 Bc6 24. Qe2 Qe7 25. Bg3 Bd7 26. Rf1 Be6 27. Bd3 a4 28. Be1 Rb8 29. h5 g5 30. Bd2 Qc7 31. Rc1 Bd7 32. Bc4 Bb5 33. Bd3 Qa5 34. Rf2 Rbc8 35. Rcf1 Ra8 36. Bc1 axb3 37. cxb3 Bxd3+ 0-1

[Event "Laval op"]
[Site "Laval CAN"]
[Date "2017.06.24"]
[Round "2.9"]
[White "Broday, Gabriel Renan"]
[Black "Zhang, Hou Han"]
[Result "1-0"]
[WhiteElo "2082"]
[BlackElo "1752"]
[WhiteFideId "-1"]
[WhiteFideId "-1"]
[PlyCount "53"]
[GameId "2160767908410987"]
[EventDate "2017.06.23"]
[EventType "swiss"]
[EventRounds "5"]
[EventCountry "CAN"]

1. e4 c5 2. Nf3 d6 3. Bc4 Nf6 4. e5 dxe5 5. Nxe5 e6 6. Qe2 Be7 7. O-O O-O 8. Re1 a6 9. a4 b6 10. d3 Bb7 11. Nc3 Nc6 12. Nxc6 Bxc6 13. Bxe6 Bxg2 14. Bc4 Bd6 15. Kxg2 Re8 16. Ne4 Nxe4 17. dxe4 Qh4 18. h3 h5 19. Qf3 Re5 20. Bf4 Rae8 21. Bg3 Qg5 22. Qxf7+ Kh8 23. f4 Qh6 24. fxe5 Rf8 25. Qe6 Qg5 26. h4 Qg4 27. Qxg4 1-0

[Event "Laval op"]
[Site "Laval CAN"]
[Date "2017.06.24"]
[Round "2.10"]
[White "Mercure, Gilbert"]
[Black "Trinh, Tri Bao"]
[Result "0-1"]
[WhiteElo "1847"]
[BlackElo "2047"]
[WhiteFideId "-1"]
[WhiteFideId "-1"]
[PlyCount "114"]
[GameId "2160767908410988"]
[EventDate "2017.06.23"]
[EventType "swiss"]
[EventRounds "5"]
[EventCountry "CAN"]

1. e4 c5 2. d4 cxd4 3. c3 g6 4. Nf3 Bg7 5. Bc4 d3 6. Qb3 e6 7. Bf4 Ne7 8. Bd6 O-O 9. Bxd3 Nbc6 10. O-O b6 11. Na3 a6 12. Rad1 Bb7 13. Nc4 b5 14. Bb1 bxc4 15. Qxb7 Ra7 16. Bxe7 Qxe7 17. Qb6 Rb8 18. Qe3 Rxb2 19. e5 Rab7 20. Be4 Rxa2 21. Bxc6 dxc6 22. Rd6 Rbb2 23. Rfd1 Rxf2 24. Rd7 Rxg2+ 25. Kh1 Rge2 26. Qf4 Bxe5 27. Qh6 Qxd7 28. Rxd7 Ra1+ 29. Ng1 Rxh2+ 30. Qxh2 Bxh2 31. Kxh2 Rc1 32. Kg3 Rxc3+ 33. Kg4 Kg7 34. Nf3 Rd3 35. Rc7 Kf6 36. Kf4 Rd5 37. Rxc6 a5 38. Rxc4 h5 39. Ke4 g5 40. Rc1 a4 41. Rf1 Rf5 42. Ra1 h4 43. Nd4 Rf4+ 44. Ke3 e5 45. Ne2 Rb4 46. Nc3 Rb3 47. Kd2 a3 48. Kc2 Rxc3+ 49. Kxc3 h3 50. Rf1+ Kg6 51. Kd3 g4 52. Ke4 a2 53. Kxe5 Kg5 54. Ke4 h2 55. Ke3 Kh4 56. Rc1 Kg3 57. Rd1 f5 0-1

[Event "Laval op"]
[Site "Laval CAN"]
[Date "2017.06.24"]
[Round "2.11"]
[White "Leger, Manon"]
[Black "Barre, Michel"]
[Result "1-0"]
[WhiteElo "1988"]
[BlackElo "1945"]
[WhiteFideId "-1"]
[WhiteFideId "-1"]
[PlyCount "59"]
[GameId "2160767908410989"]
[EventDate "2017.06.23"]
[EventType "swiss"]
[EventRounds "5"]
[EventCountry "CAN"]

1. e4 b6 2. c4 Bb7 3. Nc3 e6 4. d4 Bb4 5. Bd3 Nf6 6. Qc2 d5 7. cxd5 exd5 8. e5 Ne4 9. Nf3 h6 10. O-O Nxc3 11. bxc3 Be7 12. Re1 O-O 13. Bf4 Na6 14. Qc1 h5 15. Bg5 c5 16. Bxe7 Qxe7 17. Qf4 Nc7 18. Nh4 Ne6 19. Qf5 g6 20. Nxg6 fxg6 21. Qxg6+ Kh8 22. Qxh5+ Kg8 23. Qg6+ Kh8 24. Re3 Nf4 25. Qh6+ Kg8 26. Rg3+ Kf7 27. Rg7+ Ke8 28. Bb5+ Kd8 29. Rxe7 Kxe7 30. Qd6+ 1-0

[Event "Laval op"]
[Site "Laval CAN"]
[Date "2017.06.24"]
[Round "2.12"]
[White "Vignalou, Joseph"]
[Black "Marchand, Jacques"]
[Result "0-1"]
[WhiteElo "1861"]
[BlackElo "1988"]
[WhiteFideId "-1"]
[WhiteFideId "-1"]
[PlyCount "36"]
[GameId "2160767908410990"]
[EventDate "2017.06.23"]
[EventType "swiss"]
[EventRounds "5"]
[EventCountry "CAN"]

1. e4 e5 2. Nf3 Nc6 3. Bb5 f5 4. d4 fxe4 5. Nxe5 Nxe5 6. dxe5 c6 7. Bc4 Qa5+ 8. Nc3 Qxe5 9. Qe2 d5 10. f4 Qc7 11. Bb3 Nf6 12. Be3 Bd6 13. O-O O-O 14. h3 b5 15. Bd4 Kh8 16. Rad1 a5 17. a4 b4 18. Nb1 Ba6 0-1

[Event "Laval op"]
[Site "Laval CAN"]
[Date "2017.06.24"]
[Round "2.13"]
[White "Langlois-Remillard, Alexis"]
[Black "Jacquet, Stephane"]
[Result "0-1"]
[WhiteElo "1868"]
[BlackElo "1996"]
[WhiteFideId "-1"]
[WhiteFideId "-1"]
[PlyCount "118"]
[GameId "2160767908410991"]
[EventDate "2017.06.23"]
[EventType "swiss"]
[EventRounds "5"]
[EventCountry "CAN"]

1. b3 g6 2. Bb2 Nf6 3. Bxf6 exf6 4. c4 Bg7 5. Nc3 f5 6. g3 O-O 7. Bg2 c6 8. Rc1 d6 9. e3 Nd7 10. Nge2 Re8 11. O-O Ne5 12. d4 Ng4 13. h3 Nf6 14. b4 Ne4 15. Qc2 Nxc3 16. Nxc3 h5 17. b5 Bd7 18. h4 f4 19. exf4 Bxd4 20. Qd2 Bxc3 21. Rxc3 cxb5 22. Qxd6 bxc4 23. Rd1 Be6 24. Bxb7 Rb8 25. Qxd8 Rexd8 26. Rxd8+ Rxd8 27. Kf1 Rd2 28. a3 Rb2 29. Bf3 Rb3 30. Re3 c3 31. Ke2 Rxa3 32. Kd3 Kf8 33. Be4 a5 34. Kc2 a4 35. Rxc3 Rxc3+ 36. Kxc3 a3 37. f3 a2 38. Kb2 f5 39. Bc2 Ke7 40. g4 fxg4 41. fxg4 hxg4 42. Bxg6 Kf6 43. Be4 g3 44. h5 Kg7 45. Bg2 Kh6 46. Bf3 Bf7 47. Bg2 Kxh5 48. Bf3+ Kg6 49. Be4+ Kf6 50. Ka1 Ke7 51. Kb2 Kd6 52. Bg2 Kc5 53. Ka1 Kd4 54. Kb2 Be6 55. f5 Bxf5 56. Kxa2 Be4 57. Bh3 Ke3 58. Kb2 Kf2 59. Kc1 Bf5 0-1

[Event "Laval op"]
[Site "Laval CAN"]
[Date "2017.06.24"]
[Round "2.14"]
[White "Goldner, John"]
[Black "Nikulich, Oleksandr"]
[Result "0-1"]
[WhiteElo "1824"]
[BlackElo "1988"]
[WhiteFideId "-1"]
[WhiteFideId "-1"]
[PlyCount "80"]
[GameId "2160767908410992"]
[EventDate "2017.06.23"]
[EventType "swiss"]
[EventRounds "5"]
[EventCountry "CAN"]

1. e4 e5 2. Nf3 Nc6 3. Bb5 f5 4. d4 fxe4 5. Nxe5 Nxe5 6. dxe5 c6 7. Be2 Qa5+ 8. Bd2 Qxe5 9. Bc3 Qg5 10. Bh5+ Kd8 11. O-O Nf6 12. Bxf6+ gxf6 13. Nc3 f5 14. Bf7 Qg7 15. Bb3 Bb4 16. Ne2 Kc7 17. Nf4 Bd6 18. Nh5 Qe5 19. g3 Bc5 20. Qe2 d5 21. Nf4 Bd6 22. c3 Rg8 23. Kh1 Rg4 24. Rad1 Bd7 25. Rd2 Rag8 26. Rfd1 Rxf4 27. gxf4 Qxf4 28. Qh5 Rg4 29. Qh3 Rh4 30. Qg3 Qh6 31. c4 Bxg3 32. fxg3 e3 33. Re2 Qh5 34. Rde1 Re4 35. cxd5 Qf3+ 36. Kg1 f4 37. gxf4 Rxf4 38. Rg2 Rg4 39. Rxg4 Qxg4+ 40. Kf1 Qf3+ 0-1

[Event "Laval op"]
[Site "Laval CAN"]
[Date "2017.06.24"]
[Round "2.15"]
[White "Zhong, Kevin"]
[Black "Forget, Luc"]
[Result "1/2-1/2"]
[WhiteElo "1576"]
[BlackElo "1963"]
[WhiteFideId "-1"]
[WhiteFideId "-1"]
[PlyCount "97"]
[GameId "2160767908410993"]
[EventDate "2017.06.23"]
[EventType "swiss"]
[EventRounds "5"]
[EventCountry "CAN"]

1. e4 c6 2. d4 d5 3. exd5 cxd5 4. c4 Nf6 5. Nc3 Nc6 6. Bg5 e6 7. Nf3 Be7 8. c5 O-O 9. Bb5 Bd7 10. O-O Ne4 11. Bxe7 Qxe7 12. Rc1 Rfd8 13. Bxc6 Bxc6 14. Ne5 Rac8 15. b4 f6 16. Nxc6 bxc6 17. Re1 Nxc3 18. Rxc3 Qf7 19. Rce3 Re8 20. Qe2 Rb8 21. a3 a5 22. bxa5 Ra8 23. a6 Ra7 24. Rxe6 Qxe6 25. Qxe6+ Rxe6 26. Rxe6 Rxa6 27. Re3 Ra4 28. Rd3 Kf7 29. g3 h5 30. Kg2 g5 31. Kf3 Ke6 32. g4 h4 33. Ke3 Rc4 34. Rb3 Ra4 35. f3 Rc4 36. Rb6 Rc3+ 37. Kf2 Rc2+ 38. Kg1 Rc1+ 39. Kg2 Rc2+ 40. Kh3 Rc3 41. Rxc6+ Kf7 42. Rd6 Rxf3+ 43. Kg2 Rxa3 44. Rxd5 Ra2+ 45. Kg1 Ra1+ 46. Kf2 Ra2+ 47. Kg1 Ra1+ 48. Kf2 Ra2+ 49. Kg1 1/2-1/2

[Event "Laval op"]
[Site "Laval CAN"]
[Date "2017.06.24"]
[Round "2.16"]
[White "Trahan, Daniel"]
[Black "Gauthier, Denis"]
[Result "1-0"]
[WhiteElo "1958"]
[BlackElo "1862"]
[WhiteFideId "-1"]
[WhiteFideId "-1"]
[PlyCount "123"]
[GameId "2160767908410994"]
[EventDate "2017.06.23"]
[EventType "swiss"]
[EventRounds "5"]
[EventCountry "CAN"]

1. c4 e5 2. Nc3 Nc6 3. g3 f5 4. Bg2 Nf6 5. e3 d5 6. Nxd5 Nxd5 7. cxd5 Nb4 8. d3 Nxd5 9. a3 Be6 10. Ne2 Be7 11. Qc2 O-O 12. O-O Qd7 13. b4 c6 14. Bb2 Bd6 15. d4 e4 16. Nc3 Rfc8 17. Na4 b6 18. Rfc1 a5 19. bxa5 Rxa5 20. Nc3 Rca8 21. Nxe4 fxe4 22. Bxe4 Ne7 23. Bxh7+ Kf7 24. Be4 Bd5 25. Bxd5+ cxd5 26. Qb3 Qb5 27. Rc3 Qxb3 28. Rxb3 R5a6 29. f3 Rc8 30. Rc1 Rxc1+ 31. Bxc1 Nc6 32. Rc3 Na5 33. e4 Ke6 34. e5 Be7 35. Rc7 Nc4 36. f4 g6 37. g4 Bxa3 38. Bxa3 Rxa3 39. Rg7 Rd3 40. Rxg6+ Kf7 41. f5 Rxd4 42. e6+ Kf8 43. f6 Nd6 44. g5 b5 45. e7+ Kf7 46. Rg7+ Ke6 47. e8=Q+ Nxe8 48. Re7+ Kf5 49. Rxe8 Kg6 50. Rg8+ Kf7 51. Rg7+ Kf8 52. Kg2 b4 53. Kg3 Re4 54. g6 Re6 55. Rf7+ Kg8 56. Kf4 Rb6 57. Ke5 b3 58. Ra7 Rb8 59. Ra1 b2 60. Rb1 Rb5 61. h4 Kf8 62. h5 1-0

[Event "Laval op"]
[Site "Laval CAN"]
[Date "2017.06.24"]
[Round "2.17"]
[White "Ouellet, Maili-Jade"]
[Black "Mok, Yuen Tak"]
[Result "1/2-1/2"]
[WhiteElo "1934"]
[BlackElo "1827"]
[WhiteFideId "-1"]
[WhiteFideId "-1"]
[PlyCount "152"]
[GameId "2160767908410995"]
[EventDate "2017.06.23"]
[EventType "swiss"]
[EventRounds "5"]
[EventCountry "CAN"]

1. d4 f5 2. c4 e6 3. Nc3 Nf6 4. Nf3 Bb4 5. Bf4 b6 6. e3 Bb7 7. Bd3 Ne4 8. Rc1 d6 9. O-O Bxc3 10. bxc3 Qe7 11. Nd2 Nxd2 12. Qxd2 O-O 13. f3 e5 14. Bg3 Nd7 15. Bc2 e4 16. fxe4 Bxe4 17. Bxe4 Qxe4 18. Rf4 Qe6 19. Qd3 Rae8 20. Re1 g5 21. Rf3 Qe4 22. Qxe4 fxe4 23. Rxf8+ Rxf8 24. Rb1 Rf5 25. c5 dxc5 26. Bxc7 cxd4 27. exd4 Ra5 28. Rb2 Kf7 29. Bg3 Ra4 30. Kf1 Ke6 31. Ke2 Nf6 32. Be1 Nd5 33. g3 Rc4 34. Rb3 a6 35. Kd2 Ra4 36. Kc1 b5 37. Kb1 Kf5 38. Rb2 e3 39. Rc2 Ke4 40. Kb2 Kd3 41. Rc1 Rc4 42. g4 Rc6 43. Rd1+ Ke2 44. Rc1 Nf6 45. Bg3 Nd5 46. Kb3 Rc4 47. a3 Kd3 48. Rd1+ Ke4 49. Rc1 e2 50. Rc2 Kd3 51. Be1 Rc8 52. Rd2+ Ke3 53. Rc2 Nf4 54. c4 bxc4+ 55. Rxc4 Rd8 56. Kc3 Ng2 57. Bd2+ Kf3 58. Rc5 e1=Q 59. Bxe1 Nxe1 60. Rxg5 Rd6 61. Rg7 h6 62. g5 h5 63. g6 Kg4 64. Rg8 Nf3 65. g7 Rg6 66. d5 Ng5 67. d6 Ne4+ 68. Kb4 Nxd6 69. Rd8 Rxg7 70. Rxd6 Ra7 71. Ka5 Kh3 72. Rh6 h4 73. a4 Rg7 74. Kxa6 Rg2 75. a5 Kxh2 76. Ka7 Ra2 1/2-1/2

[Event "Laval op"]
[Site "Laval CAN"]
[Date "2017.06.24"]
[Round "2.18"]
[White "Morin, Louis"]
[Black "Johnson-Constantin, Mathieu"]
[Result "0-1"]
[WhiteElo "1886"]
[BlackElo "1774"]
[WhiteFideId "-1"]
[WhiteFideId "-1"]
[PlyCount "88"]
[GameId "2160767908410996"]
[EventDate "2017.06.23"]
[EventType "swiss"]
[EventRounds "5"]
[EventCountry "CAN"]

1. e4 e6 2. d4 d5 3. e5 c5 4. c3 Nc6 5. Nf3 Qb6 6. Be2 Bd7 7. O-O Rc8 8. Re1 Be7 9. Bf1 cxd4 10. cxd4 f6 11. exf6 Bxf6 12. Nc3 Bxd4 13. Nxd4 Qxd4 14. Qh5+ Kf8 15. Be3 Nf6 16. Qe2 Qb4 17. a3 Qe7 18. Rad1 Kf7 19. Bd4 Rhe8 20. Be5 a6 21. Qf3 Nxe5 22. Rxe5 Bc6 23. Rd4 Kg8 24. Bd3 Qf7 25. Qh3 Re7 26. Rf4 g6 27. g4 Qg7 28. g5 Nh5 29. Rf6 Nxf6 30. gxf6 Qxf6 31. Qg3 Rf8 32. Ne2 Ref7 33. f4 Qxe5 34. fxe5 Rf1+ 35. Kg2 d4+ 36. Kh3 R1f3 37. Nxd4 Rxg3+ 38. hxg3 Rd8 39. Nxc6 Rxd3 40. Nb4 Rb3 41. Kg4 Rxb2 42. Nd3 Rb5 43. Kf4 Rd5 44. Nf2 Ra5 0-1

[Event "Laval op"]
[Site "Laval CAN"]
[Date "2017.06.24"]
[Round "3"]
[White "Prahov, Valentin"]
[Black "Guipi Bopala, Prince Eric jr"]
[Result "1-0"]
[WhiteElo "2131"]
[BlackElo "1616"]
[WhiteFideId "-1"]
[WhiteFideId "-1"]
[PlyCount "109"]
[GameId "2160767908410997"]
[EventDate "2017.06.23"]
[EventType "swiss"]
[EventRounds "5"]
[EventCountry "CAN"]
[SourceTitle "CBM 179 Extra"]
[Source "ChessBase"]
[SourceDate "2017.08.23"]
[SourceVersion "1"]
[SourceVersionDate "2017.08.23"]
[SourceQuality "1"]

1. e4 d5 2. exd5 Qxd5 3. Nc3 Qa5 4. Nf3 Bg4 5. h3 Bh5 6. d4 Nf6 7. Bd2 Nc6 8. Nb5 Qb6 9. a4 a5 10. c4 Bxf3 11. Qxf3 Nxd4 12. Nxd4 Qxd4 13. Qxb7 Qe4+ 14. Qxe4 Nxe4 15. Be3 e6 16. Bd3 Nc5 17. Bc2 Rb8 18. b3 Na6 19. O-O-O Bc5 20. Rhe1 O-O 21. Kb2 Rfd8 22. Rxd8+ Rxd8 23. Bxc5 Nxc5 24. Re5 Na6 25. Rxa5 Nb4 26. Rb5 Na6 27. Kc3 g6 28. Ra5 Nb8 29. Ra8 Kf8 30. b4 Ke7 31. Be4 f5 32. Bb7 e5 33. a5 e4 34. a6 Rd3+ 35. Kc2 Nd7 36. Rh8 Ke6 37. Bc8 Ke5 38. Bxd7 Ra3 39. Bb5 c6 40. Kb2 e3 41. Re8+ Kf4 42. fxe3+ Rxe3 43. Rxe3 Kxe3 44. Bxc6 g5 45. Kc3 h5 46. a7 g4 47. hxg4 fxg4 48. a8=Q h4 49. Qh8 h3 50. gxh3 g3 51. Qd4+ Ke2 52. Qd2+ Kf1 53. Qg2+ Ke1 54. Kd3 Kd1 55. Qd2# 1-0

[Event "Laval op"]
[Site "Laval CAN"]
[Date "2017.06.24"]
[Round "3"]
[White "Trinh, Tri Bao"]
[Black "Tanaka, Tyler"]
[Result "1/2-1/2"]
[WhiteElo "2047"]
[BlackElo "1765"]
[WhiteFideId "-1"]
[WhiteFideId "-1"]
[PlyCount "51"]
[GameId "2160767908410998"]
[EventDate "2017.06.23"]
[EventType "swiss"]
[EventRounds "5"]
[EventCountry "CAN"]
[SourceTitle "CBM 179 Extra"]
[Source "ChessBase"]
[SourceDate "2017.08.23"]
[SourceVersion "1"]
[SourceVersionDate "2017.08.23"]
[SourceQuality "1"]

1. c4 Nf6 2. g3 g6 3. Bg2 Bg7 4. Nc3 O-O 5. Nf3 c5 6. O-O Nc6 7. d4 d6 8. dxc5 dxc5 9. Be3 Be6 10. Bxc5 Bxc4 11. Qa4 Be6 12. Rfd1 Qc8 13. Nd4 Nxd4 14. Bxd4 Bh3 15. Bf3 Bg4 16. Bxf6 Bxf3 17. Bxg7 Bc6 18. Qd4 Qh3 19. f3 Rad8 20. Qe5 Rxd1+ 21. Rxd1 f6 22. Qxe7 Rf7 23. Qe3 Kxg7 24. Qxa7 Re7 25. b4 Qf5 26. Qf2 1/2-1/2

[Event "Laval op"]
[Site "Laval CAN"]
[Date "2017.06.24"]
[Round "3.2"]
[White "Sprumont, Oscar"]
[Black "Larochelle, Martial"]
[Result "1-0"]
[WhiteElo "2034"]
[BlackElo "2069"]
[WhiteFideId "-1"]
[WhiteFideId "-1"]
[PlyCount "47"]
[GameId "2160767908411000"]
[EventDate "2017.06.23"]
[EventType "swiss"]
[EventRounds "5"]
[EventCountry "CAN"]

1. Nf3 d5 2. c4 d4 3. b4 Nf6 4. Bb2 c5 5. e3 dxe3 6. fxe3 cxb4 7. d4 e6 8. Bd3 Nc6 9. Nbd2 Be7 10. O-O O-O 11. Qc2 Qc7 12. Kh1 h6 13. e4 e5 14. d5 Nd4 15. Nxd4 exd4 16. Nf3 Bc5 17. Rae1 Ng4 18. Qd2 Re8 19. Re2 Ne5 20. Nxd4 b6 21. Re3 Bd7 22. Rg3 Qd6 23. Nf3 Ng6 24. e5 1-0

[Event "Laval op"]
[Site "Laval CAN"]
[Date "2017.06.24"]
[Round "3.4"]
[White "Bassel, Charaf"]
[Black "Leger, Manon"]
[Result "1-0"]
[WhiteElo "2127"]
[BlackElo "1988"]
[WhiteFideId "-1"]
[WhiteFideId "-1"]
[PlyCount "88"]
[GameId "2160767908411002"]
[EventDate "2017.06.23"]
[EventType "swiss"]
[EventRounds "5"]
[EventCountry "CAN"]

1. e3 c5 2. Nf3 Nc6 3. b3 d5 4. Bb2 Nf6 5. h3 e6 6. Bb5 Bd7 7. O-O Bd6 8. d3 O-O 9. Nbd2 a6 10. Bxc6 Bxc6 11. Ne5 Nd7 12. Nxc6 bxc6 13. Qg4 Be5 14. Bxe5 Nxe5 15. Qa4 Qd6 16. f4 Nd7 17. Kh1 f6 18. e4 e5 19. f5 Rfb8 20. Rad1 Rb5 21. c4 Rb4 22. Qa5 d4 23. g4 Rbb8 24. Rf2 Kf7 25. Nf3 h6 26. h4 Rh8 27. Rg2 Ra7 28. Kg1 Qb8 29. g5 hxg5 30. hxg5 Rh3 31. Kf2 Qh8 32. Rdg1 Qh5 33. Rg3 Rxg3 34. Rxg3 Qh8 35. Kg2 Ke7 36. Rh3 Qd8 37. gxf6+ Nxf6 38. Qxd8+ Kxd8 39. Nxe5 Kc7 40. Rh8 Kd6 41. Ng6 Ng4 42. Re8 Rf7 43. Ra8 Ne3+ 44. Kf3 Nc2 1-0

[Event "Laval op"]
[Site "Laval CAN"]
[Date "2017.06.24"]
[Round "3.5"]
[White "Marchand, Jacques"]
[Black "Broday, Gabriel Renan"]
[Result "0-1"]
[WhiteElo "1988"]
[BlackElo "2082"]
[WhiteFideId "-1"]
[WhiteFideId "-1"]
[PlyCount "74"]
[GameId "2160767908411003"]
[EventDate "2017.06.23"]
[EventType "swiss"]
[EventRounds "5"]
[EventCountry "CAN"]

1. e4 e6 2. d4 a6 3. Nf3 c5 4. c3 d5 5. e5 Nc6 6. a3 cxd4 7. cxd4 Nge7 8. b4 Nf5 9. Bb2 h5 10. Bd3 g5 11. Bxf5 exf5 12. Nbd2 Be7 13. O-O Be6 14. Ne1 Qb6 15. Qa4 h4 16. Bc3 Bd7 17. Qb3 Nxd4 18. Bxd4 Qxd4 19. Nef3 Qb6 20. Qxd5 Be6 21. Qd4 Qb5 22. a4 Qxb4 23. Rab1 Qxd4 24. Nxd4 Rd8 25. Nxe6 fxe6 26. Nc4 Rd7 27. Nb6 Rd4 28. Nc8 Bb4 29. Rfd1 Rxd1+ 30. Rxd1 Rh7 31. Nd6+ Bxd6 32. Rxd6 Re7 33. g3 hxg3 34. fxg3 Kf7 35. h4 gxh4 36. gxh4 Kg6 37. Kg2 f4 0-1

[Event "Laval op"]
[Site "Laval CAN"]
[Date "2017.06.24"]
[Round "3.7"]
[White "Marin, Sam"]
[Black "Saha, Ananda"]
[Result "0-1"]
[WhiteElo "1921"]
[BlackElo "2013"]
[WhiteFideId "-1"]
[WhiteFideId "-1"]
[PlyCount "72"]
[GameId "2160767908411004"]
[EventDate "2017.06.23"]
[EventType "swiss"]
[EventRounds "5"]
[EventCountry "CAN"]

1. e4 c5 2. Nf3 e6 3. d4 cxd4 4. Nxd4 a6 5. c4 Nf6 6. Nc3 Qc7 7. Nc2 d6 8. Be2 Be7 9. O-O Nbd7 10. f4 b6 11. b3 Bb7 12. Bf3 O-O 13. Bb2 Rac8 14. Kh1 b5 15. cxb5 axb5 16. Rc1 Qb8 17. Qe2 Qa8 18. Rfe1 d5 19. e5 Ne4 20. Bxe4 dxe4 21. Qxb5 Nc5 22. Nb4 Nd3 23. Nxd3 exd3 24. Qxd3 Bxg2+ 25. Kg1 Bc5+ 26. Re3 Qf3 27. Nd1 Bxe3+ 28. Nxe3 Rcd8 29. Qc3 Bh3 30. Ba3 Rfe8 31. Bc5 Qxf4 32. Nf1 Qg5+ 33. Ng3 h5 34. Be3 Qg4 35. Qc4 Rd1+ 36. Rxd1 Qxd1+ 0-1

[Event "Laval op"]
[Site "Laval CAN"]
[Date "2017.06.24"]
[Round "3.8"]
[White "Jacquet, Stephane"]
[Black "Trahan, Daniel"]
[Result "1-0"]
[WhiteElo "1996"]
[BlackElo "1958"]
[WhiteFideId "-1"]
[WhiteFideId "-1"]
[PlyCount "55"]
[GameId "2160767908411005"]
[EventDate "2017.06.23"]
[EventType "swiss"]
[EventRounds "5"]
[EventCountry "CAN"]

1. d4 Nf6 2. c4 e6 3. Nf3 b6 4. e3 Bb7 5. Bd3 Ne4 6. O-O Be7 7. Nc3 f5 8. Qc2 Nxc3 9. bxc3 O-O 10. e4 g6 11. Bh6 Re8 12. d5 Bf8 13. Bf4 Na6 14. exf5 exf5 15. Rfe1 Bg7 16. Be5 Bxe5 17. Nxe5 Nc5 18. Bxf5 Qg5 19. Nxg6 hxg6 20. Bxg6 Re7 21. f4 Qf6 22. f5 Ba6 23. Qd2 Kg7 24. Rxe7+ Qxe7 25. Re1 Qf6 26. g4 Bxc4 27. g5 Qd6 28. Qd4+ 1-0

[Event "Laval op"]
[Site "Laval CAN"]
[Date "2017.06.24"]
[Round "3.9"]
[White "Nikulich, Oleksandr"]
[Black "Nica, Ion"]
[Result "1-0"]
[WhiteElo "1988"]
[BlackElo "1679"]
[WhiteFideId "-1"]
[WhiteFideId "-1"]
[PlyCount "79"]
[GameId "2160767908411006"]
[EventDate "2017.06.23"]
[EventType "swiss"]
[EventRounds "5"]
[EventCountry "CAN"]

1. e4 d5 2. exd5 Qxd5 3. Nc3 Qa5 4. Nf3 c6 5. Bc4 Nf6 6. d4 Bf5 7. O-O e6 8. a3 Bd6 9. Ne2 Qc7 10. Ng3 Bg6 11. Re1 Nbd7 12. Qe2 O-O-O 13. Ne5 Nd5 14. Ba2 f6 15. Nxg6 hxg6 16. c4 N5b6 17. Qxe6 c5 18. dxc5 Bxc5 19. Be3 Rde8 20. Qg4 Bxe3 21. Rxe3 Rxe3 22. fxe3 g5 23. b4 Kb8 24. c5 Nc8 25. Rd1 Ne5 26. Qd4 a6 27. Be6 g6 28. Nf1 Re8 29. Bb3 g4 30. a4 f5 31. b5 a5 32. Bd5 Rd8 33. b6 Qe7 34. Qf4 g5 35. Qxf5 Rf8 36. Qe4 Qf6 37. Ng3 Qf2+ 38. Kh1 Qf6 39. Bxb7 Ng6 40. Ba6 1-0

[Event "Laval op"]
[Site "Laval CAN"]
[Date "2017.06.24"]
[Round "3.10"]
[White "Johnson-Constantin, Mathieu"]
[Black "Turcotte, Jonathan"]
[Result "1-0"]
[WhiteElo "1774"]
[BlackElo "1985"]
[WhiteFideId "-1"]
[WhiteFideId "-1"]
[PlyCount "39"]
[GameId "2160767908411007"]
[EventDate "2017.06.23"]
[EventType "swiss"]
[EventRounds "5"]
[EventCountry "CAN"]

1. e4 c6 2. Nc3 d5 3. d4 dxe4 4. Nxe4 Bf5 5. Ng3 Bg6 6. Nf3 Nd7 7. h4 h6 8. Bd3 Bxd3 9. Qxd3 e6 10. Bd2 Ngf6 11. O-O-O Be7 12. Rde1 O-O 13. Rh3 c5 14. Ne4 Nxe4 15. Rxe4 Nf6 16. Rg3 Nxe4 17. Qxe4 Kh8 18. Ng5 hxg5 19. hxg5 g6 20. Qh4+ 1-0

[Event "Laval op"]
[Site "Laval CAN"]
[Date "2017.06.24"]
[Round "3.12"]
[White "Forget, Luc"]
[Black "Vignalou, Joseph"]
[Result "0-1"]
[WhiteElo "1963"]
[BlackElo "1861"]
[WhiteFideId "-1"]
[WhiteFideId "-1"]
[PlyCount "64"]
[GameId "2160767908411008"]
[EventDate "2017.06.23"]
[EventType "swiss"]
[EventRounds "5"]
[EventCountry "CAN"]

1. d4 Nf6 2. c4 e6 3. Nf3 d5 4. g3 c6 5. Bg2 Nbd7 6. O-O Bd6 7. Qc2 O-O 8. Bg5 h6 9. Bxf6 Nxf6 10. Nbd2 Re8 11. Rfd1 b6 12. a3 a5 13. e4 Bf8 14. e5 Nd7 15. cxd5 cxd5 16. Bf1 Bb7 17. Rac1 Rc8 18. Qd3 Nb8 19. Qe3 Re7 20. Bd3 Rec7 21. Nf1 Rxc1 22. Rxc1 Ba6 23. Bb1 Rc7 24. g4 Be7 25. Ng3 Nd7 26. Kg2 Nf8 27. Rc3 Rxc3 28. Qxc3 Qc8 29. Qd2 Nh7 30. h4 Qc4 31. Kh3 Qb3 32. Bc2 Qxf3 0-1